LEADER 00767nab a2200133 i 4500 001 000000326152 003 CaOOAMICUS 005 20180831173516.0 008 180831n it uu u0 0ita r 013 $a37292 040 $aSeMil$bita 245 10$a«Vi sono diversi carismi, ma uno solo è lo Spirito». Un'occasione per allargare lo sguardo e arricchire lo spirito. Questo il signigficato dell'incontro dello scorso 8 aprile a Venegono... - In [rubrica] :$bIncontri. 773 0 $tPapa ai diaconi.$gp.18-19$w()288974 996 $6245$a«Vi sono diversi carismi, ma uno solo è lo Spirito». Un'occasione per allargare lo sguardo e arricchire lo spirito. Questo il signigficato dell'incontro dello scorso 8 aprile a Venegono... - In [rubrica] :$bIncontri.$9(OLS)http://semarc/title/399261 LEADER 00835nam a2200229 i 4500 001 000000336447 003 CaOOAMICUS 005 20191003125847.0 008 190913s1974 it u000 u ita u 013 $a60858 040 $aSeMil$bita 245 13$aLa catechesi della vocazione. 260 $aTorino-Leumann :$bElle Di Ci,$cimprim. 1974. 300 $a208 p. ;$c21 cm. 490 0 $aVocazioni 650 4$aVocazione - Catechesi.$0(OLS)http://semarc/subject/22478 830 0$aVocazioni.$0(OLS)http://semarc/title/5334 850 $aSeMil 852 $aSeMil$W1$xVenegono$y1$m3G III 398$j218768$B230657$CSeMilBibl$Z2$F230657 $81 996 $6245$aLa catechesi della vocazione$9(OLS)http://semarc/title/425714 996 $6260$aTorino-Leumann :$bElle Di Ci$9(OLS)http://semarc/publisher/30113 LEADER 01354nam a2200277 i 4500 001 000000047979 003 CaOOAMICUS 005 20130320000000.0 008 130320s1989 it u000 u ita u 013 $a19149 020 $a88-10-40527-7 040 $aSeMil$bita 100 1 $aPanizzolo, Sandro <1953- >.$0(OLS)http://semarc/name/7781 245 10$aCoscienza di Chiesa nella teologia e nella prassi :$bindirizzi ecclesiologici nei documenti della CEI dal 1965 al 1980 /$cSandro Panizzolo. 260 $aBologna :$bEDB,$c1989. 300 $a281 p. ;$c22 cm. 490 0 $aNuovi saggi teologici : collana interconfessionale per la promozione della ricerca teologica ;$v27 650 4$aConferenza Episcopale Italiana.$0(OLS)http://semarc/subject/657 650 4$aEcclesiologia.$0(OLS)http://semarc/subject/42996 830 0$aNuovi saggi teologici ;$v27.$0(OLS)http://semarc/title/422386 850 $aSeMil 852 $aSeMil$W1$xVenegono$y1$m2LA N 27$j263012$B14134$CSeMilBibl$Z2$F14134 $81 961 $aAcquisto: Casa editrice 996 $6020$a88-10-40527-7$9(OLS)http://semarc/number/20894 996 $6245$aCoscienza di Chiesa nella teologia e nella prassi :$bindirizzi ecclesiologici nei documenti della CEI dal 1965 al 1980$9(OLS)http://semarc/title/72468 996 $6260$aBologna :$bEDB$9(OLS)http://semarc/publisher/29669 LEADER 01653nam a2200277 i 4500 001 000000096854 003 CaOOAMICUS 005 20230502141815.0 008 100108s1909 fr u000 u fre u 040 $aSeMil$bita 100 1 $aRéville, Jean <1855-1908>.$0(OLS)http://semarc/name/36598 245 14$aLes phases successives de l'histoire des religions :$bconférences faites au Collège de France (2. semestre 1907) /$cpar Jean Réville ; [avvertissement par P. Alphandéry et F. Macler]. 246 0 $aLes phases successives de l'histoire des religions :$bconférences faites au Collège de France (2e semestre 1907) 260 $aParis :$bE. Leroux,$c1909. 300 $aVI, 246 p. ;$c19 cm. 490 0 $aAnnales du Musée Guimet. Bibliothèque de vulgarisation ;$v33. 650 4$aReligioni - Storia.$0(OLS)http://semarc/subject/266 700 1 $aMacler, Frédéric,$d<1869-1938>.$0(OLS)http://semarc/name/36600 700 1 $aAlphandéry, Paul,$d<1875-1932>.$0(OLS)http://semarc/name/36599 830 0$aAnnales du Musée Guimet. Bibliothèque de vulgarisation ;$v33.$0(OLS)http://semarc/title/30425 850 $aSeMil 852 $aSeMil$W1$xVenegono$y1$m2X I 56$j56244$B56244$CSeMilBibl$Z2$F64455 $81 996 $6245$aLes phases successives de l'histoire des religions :$bconférences faites au Collège de France (2. semestre 1907)$9(OLS)http://semarc/title/119588 996 $6246$aLes phases successives de l'histoire des religions :$bconférences faites au Collège de France (2e semestre 1907)$9(OLS)http://semarc/title/119587 996 $6260$aParis :$bE. Leroux$9(OLS)http://semarc/publisher/35745 LEADER 00656naa a2200145 i 4500 001 000000296790 003 CaOOAMICUS 005 20180831172552.0 008 180831n xx u000 u und u 013 $a4274 040 $aSeMil$bita 100 1 $aMonaco, Franco,$d<1951- >.$0(OLS)http://semarc/name/32362 245 10$aCambio d'epoca e implicazioni pastorali. 773 0 $aAmbrosio, Gianni $tPercorsi di chiese.$dMilano : Àncora, copyr. 1990.$kStrumenti per il lavoro pastorale$kContributi per l'azione pastorale, Strumenti per il lavoro pastorale$z8876103457$w()53601 996 $6245$aCambio d'epoca e implicazioni pastorali$9(OLS)http://semarc/title/372840 LEADER 00726naa a2200157 i 4500 001 000000301762 003 CaOOAMICUS 005 20180831172728.0 008 180831n xx u000 u und u 013 $a9496 040 $aSeMil$bita 100 1 $aLonghitano, Adolfo,$d<1935- >.$0(OLS)http://semarc/name/102 245 13$aLa chiesa locale :$bdal Vaticano 2. al codice : introduzione ; Le llana. 650 4$aChiesa locale.$0(OLS)http://semarc/subject/6605 773 0 $aLonghitano, Adolfo <1935- >$tChiesa particolare e strutture di comunione.$dBologna : EDB, copyr. 1985.$kCodice del Vaticano 2.$z88-10-40855-1$w()35767 996 $6245$aLa chiesa locale :$bdal Vaticano 2. al codice : introduzione ; Le llana$9(OLS)http://semarc/title/377753 LEADER 00709naa a2200157 i 4500 001 000000297386 003 CaOOAMICUS 005 20180831172603.0 008 180831n xx u000 u und u 013 $a4912 040 $aSeMil$bita 100 1 $aTábet, Miguel Angel,$c.$0(OLS)http://semarc/name/37878 245 10$aRm 10,4 nel dialogo ebraico-cristiano. 650 4$aBibbia. Nuovo Testamento. Lettera ai Romani - Commentari, studi, critica, interpretazioni.$0(OLS)http://semarc/subject/31 773 0 $tGiustificazione in Cristo.$dCittà del Vaticano : Libreria Editrice Vaticana, 1997.$z88-209-2401-3$w()59016 996 $6245$aRm 10,4 nel dialogo ebraico-cristiano$9(OLS)http://semarc/title/373419